| 000 | 00999cac a22002411u 4500 | ||
|---|---|---|---|
| 090 | _c4592 | ||
| 008 | 081109t1994 xxu||||| |||| 00| 0 eng d | ||
| 010 | _a93079057 | ||
| 020 | _a0030515521: | ||
| 020 | _a0030989620 : | ||
| 082 | 0 | 0 |
_a158.7 _bD596 |
| 100 | _aDipboye, Robert L. | ||
| 245 | 1 | 0 |
_aUnderstanding industrial and organizational psychology : _ban integrated approach / _cRobert L. Dipboye, Carlla S. Smith, William C. Howell. |
| 260 |
_aFort Worth, TX : _bHarcourt Brace College Publishers, _cc1994. |
||
| 300 |
_axxix, 660, 8, 27 p. : _bill. ; _c24 cm. |
||
| 504 | _aIncludes bibliographical references (p. 594-660) and indexes. | ||
| 650 | 0 | 0 | _aPsychology, Industrial. |
| 650 | 0 | 0 | _aOrganizational behavior. |
| 700 | 1 | _aSmith, Carlla S. | |
| 700 | 1 | _aHowell, William Carl. | |
| 942 |
_cBB _k158.7D596 _2ddc |
||
| 999 |
_c4592 _d4592 |
||